La influencia de las ideas socialistas en la revolución del medio siglo en Colombia : (1849-1854) = The influence of socialist ideas in the Revolution of 1850s in Colombia /

Bibliographic Details
Main Authors: Manrique Arango, Carlos Mario (Author), Hernández Fox, Leonor Arlen, 1982- (Author)
Format: Electronic eBook
Language:Spanish
Published: Bogotá : Editorial Uniagustiniana, 2018.
Series:Colección Humanidades y ciencias sociales (Editorial Uniagustiniana)
Subjects:
Online Access:Digitalia Hispánica

MARC

LEADER 00000nam a2200000Ii 4500
001 DIGUAGANA0005
003 NyNyDIG
006 m o d
007 cr |||||||||||
008 241206s2018 ck a ob 000 0 spa d
035 |a (OCoLC)1229643565 
040 |a DGITA  |b eng  |e rda  |e pn  |c DGITA 
020 |a 9789585498068  |q (digital) 
020 |z 9789585498051  |q (impreso) 
041 0 |a spa  |b spa  |b eng 
043 |a s-ck--- 
050 1 4 |a JC574.2.C7 ebook 
100 1 |a Manrique Arango, Carlos Mario,  |e author. 
245 1 3 |a La influencia de las ideas socialistas en la revolución del medio siglo en Colombia :  |b (1849-1854) = The influence of socialist ideas in the Revolution of 1850s in Colombia /  |c Carlos Mario Manrique Arango, Leonor Arlen Hernández Fox, autores. 
246 1 |i English title on cover:  |a The influence of socialist ideas in the Revolution of 1850s in Colombia 
264 1 |a Bogotá :  |b Editorial Uniagustiniana,  |c 2018. 
300 |a 1 online resource :  |b illustrations. 
336 |a text  |b txt  |2 rdacontent 
337 |a computer  |b c  |2 rdamedia 
338 |a online resource  |b cr  |2 rdacarrier 
347 |a text file  |2 rdaft 
347 |b PDF 
490 1 |a Colección Humanidades y ciencias sociales 
504 |a Includes bibliographical references. 
546 |a Text in Spanish with abstract in Spanish and English. 
588 0 |a Online resource; title from PDF title page (Digitalia, viewed December 6, 2024) 
650 0 |a Liberalism  |z Colombia  |x History  |y 19th century. 
650 0 |a Socialism  |z Colombia  |x History  |y 19th century. 
651 0 |a Colombia  |x Politics and government  |y 1832-1858. 
700 1 |a Hernández Fox, Leonor Arlen,  |d 1982-  |e author. 
776 0 8 |i Print version:  |a Manrique Arango, Carlos Mario.  |t La influencia de las ideas socialistas en la revolución del medio siglo en Colombia.  |d Bogotá : Editorial Uniagustiniana, 2018  |z 9789585498051 
791 2 |a Digitalia (Firm),  |e distributor. 
793 0 |g Digitalia eBook Collection:  |a Editorial Uniagustiniana 
830 0 |a Colección Humanidades y ciencias sociales (Editorial Uniagustiniana) 
856 4 0 |3 Digitalia Hispánica  |u https://www.digitaliapublishing.com/a/162797/ 
910 |a Premium collection: 2024